000 00641nam a2200229Ia 4500
003 OSt
005 20241021091229.0
008 210716s2011 xx 000 0 und d
020 _a9788130917559
040 _cAIMIT LIBRARY
041 _aeng
082 _a511.2
_21
_bRILP
100 _aRiley, Pippa.
_9182779
245 _aBusiness maths /
_cBy Pippa Rilev.
250 _a1st ed.
260 _aNew Delhi :
_bViva Books ,
_c2011.
300 _a315p. ;
_bPB
_c25 cm
650 _aEquations and graphs
_9182780
650 _aDecision- making
_9182781
650 _aRegression and time series
_9182782
942 _2ddc
_cBK
_e1st
_k511.2 RILP
999 _c207728
_d207728